000 00351nam a22001337a 4500
005 20250314194653.0
008 250314b |||||||| |||| 00| 0 eng d
020 _a9780323040624
050 _aRS55.2
_b.P48
245 _a2006 Mosby's Drug Consult/
260 _aSt. Louis
_bElsevier/Mosby
_c2006
300 _avarious paging
_c28.5cm
942 _2lcc
_cBK
_n0
999 _c4840
_d4840